La legislacion penal comparada publicada por acuerdo de la Union Internacional de Derecho Penal (Record no. 157800)

MARC details
000 -LEADER
campo de control de longitud fija 00991nam a22001935i 4500
001 - NÚMERO DE CONTROL
campo de control 157800
003 - IDENTIFICADOR DE NÚMERO DE CONTROL
campo de control ES-MaACL
005 - FECHA Y HORA DE LA ÚLTIMA TRANSACCIÓN
campo de control 20250809034609.0
008 - DATOS DE LONGITUD FIJA--INFORMACIÓN GENERAL
campo de control de longitud fija 940202s1896 sp |||| | spa d
040 ## - FUENTE DE CATALOGACIÓN
Centro catalogador/agencia de origen CAM
Lengua de catalogación spa
100 1# - ENTRADA PRINCIPAL--NOMBRE DE PERSONA
Nombre de persona Liszt, Franz von.
9 (RLIN) 72565
245 13 - MENCIÓN DEL TÍTULO
Título La legislacion penal comparada publicada por acuerdo de la Union Internacional de Derecho Penal
Resto del título : con el concurso de eminentes penalistas /
Mención de responsabilidad, etc. por... Franz von Liszt ; traducido de la edición francesa por D. Adolfo Posada...
260 ## - PUBLICACIÓN, DISTRIBUCIÓN, ETC.
Lugar de publicación, distribución, etc. Madrid :
Nombre del editor, distribuidor, etc. Revista de Medicina y Cirugía Prácticas,
Fecha de publicación, distribución, etc. 1896.
300 ## - DESCRIPCIÓN FÍSICA
Extensión XXVII, 891 p. ;
Dimensiones 27 cm.
650 #7 - PUNTO DE ACCESO ADICIONAL DE MATERIA--TÉRMINO DE MATERIA
Término de materia o nombre geográfico como elemento de entrada Derecho penal
Fuente del encabezamiento o término embne
9 (RLIN) 11749
710 2# - ENTRADA AGREGADA--NOMBRE DE ENTIDAD CORPORATIVA
Nombre de entidad corporativa o nombre de jurisdicción como elemento de entrada Administración de la Revista de Medicina y cirugía prácticas,
Término indicativo de función/relación
9 (RLIN) 134096
852 ## - LOCALIZACIÓN
Ubicación ES-MaACL
Número de control de estantería F-8671
Nota libre -- Enc. pasta española
condición física -- Sólo t.I
Encuadernación -- Edic.: El segundo editor en pie de imp. es: Berlin : Otto Liebmann librero-editor -- El imp. es: Imprenta y librería de Nicolás Moya
Holdings
Estatus retirado Estado de pérdida Estado de daño No para préstamo Colección Biblioteca de origen Biblioteca actual Ubicación en estantería Fecha de adquisición Fuente de adquisición Total de préstamos Signatura topográfica completa Código de barras Visto por última vez Precio de reemplazo Tipo de ítem Koha
        Libros del s. XIX Biblioteca del Ateneo de Madrid Biblioteca del Ateneo de Madrid Sala Pecera Planta 2 17/01/2008     F-8671 1165139 23/02/2023 23/02/2023 Libro impreso antiguo